| 000 | 00679nam a2200217 a 4500 | ||
|---|---|---|---|
| 001 | 1829 | ||
| 005 | 20140414131846.0 | ||
| 008 | 010416s19uu xx 00 eng d | ||
| 020 | _a0-85097-906-4 | ||
| 050 |
_aM 363.1 _bY32 1991 |
||
| 100 | _aYates, Irene | ||
| 245 |
_aAccident! / _cstory by Irene Yates ; illustrations by Peter Joyce. |
||
| 260 |
_aLondon : _bCharles Letts Pub., _c1991. |
||
| 300 | _a32p. : ill. ; cm. | ||
| 440 | _aLearning with Letts (age 6-7). | ||
| 520 | _aMaths, english and science activities based on a lively family story. | ||
| 650 | _aMath activities. | ||
| 650 | _aEnglish activities. | ||
| 650 | _aScience activities. | ||
| 999 |
_c109955 _d109955 |
||